[Event "Titled Tuesday intern op 19th Sep Early"]
[Site "Chess.com INT"]
[Date "2023.09.19"]
[Round "3"]
[White "Brokken, Dennis"]
[Black "Kuzmin, Roman"]
[Result "1/2-1/2"]
[WhiteElo "2465"]
[BlackElo "2167"]
[PlyCount "124"]
[EventDate "2023.09.19"]
[EventType "swiss (blitz)"]
[EventRounds "11"]
[EventCountry "USA"]
[SourceTitle "EXT 2024"]
[Source "ChessBase"]
[SourceDate "2023.10.10"]
[SourceVersion "1"]
[SourceVersionDate "2023.10.10"]
[SourceQuality "1"]

1. d4 Nf6 2. Nc3 d5 3. Bf4 a6 4. e3 e6 5. g4 Bb4 6. a3 Bxc3+ 7. bxc3 c5 8. h4 Nc6 9. h5 Qa5 10. Ne2 Ne4 11. f3 Nxc3 12. Qd2 Nxe2 13. Qxa5 Nxa5 14. Bxe2 cxd4 15. exd4 Bd7 16. h6 g6 17. Be5 Rg8 18. Rb1 Rc8 19. Bd3 Ba4 20. Rh2 b5 21. f4 Ke7 22. g5 Rc6 23. Bf6+ Kd7 24. Be5 Rgc8 25. Rb2 Rc3 26. Rh3 Bxc2 27. Bxb5+ axb5 28. Rxc3 Rxc3 29. Rxb5 Rxa3 30. Rc5 Nc6 31. Rxc2 Nxe5 32. fxe5 Rg3 33. Ra2 Rxg5 34. Ra7+ Ke8 35. Ra8+ Ke7 36. Ra7+ Kf8 37. Ra8+ Ke7 38. Ra7+ Ke8 39. Ra8+ Kd7 40. Ra7+ Kc6 41. Rxf7 Kb5 42. Rxh7 Kc4 43. Re7 Rh5 44. Rxe6 Rxh6 45. Rf6 Kxd4 46. e6 Rh8 47. Rxg6 Re8 48. Kd2 Ke5 49. Kd3 Rxe6 50. Rxe6+ Kxe6 51. Kd4 Kd6 52. Kd3 Ke5 53. Ke3 d4+ 54. Kd3 Kd5 55. Kd2 Ke4 56. Ke2 d3+ 57. Kd2 Kd4 58. Kd1 Ke4 59. Kd2 Kd4 60. Kd1 Kc3 61. Kc1 Kc4 62. Kd2 Kd4 1/2-1/2

[Event "Titled Tuesday intern op 19th Sep Early"]
[Site "Chess.com INT"]
[Date "2023.09.19"]
[Round "11"]
[White "Illingworth, Max"]
[Black "Brokken, Dennis"]
[Result "0-1"]
[WhiteElo "2493"]
[BlackElo "2465"]
[PlyCount "76"]
[EventDate "2023.09.19"]
[EventType "swiss (blitz)"]
[EventRounds "11"]
[EventCountry "USA"]
[SourceTitle "EXT 2024"]
[Source "ChessBase"]
[SourceDate "2023.10.10"]
[SourceVersion "1"]
[SourceVersionDate "2023.10.10"]
[SourceQuality "1"]

1. d4 d5 2. Nf3 Nf6 3. Bf4 c5 4. e3 Nc6 5. Nbd2 e6 6. c3 Be7 7. Ne5 Nxe5 8. Bxe5 0-0 9. Bd3 b6 10. Qf3 Bb7 11. Qh3 g6 12. 0-0 a6 13. f4 b5 14. Nf3 Nd7 15. Qh6 Nxe5 16. dxe5 Qc7 17. h4 Rfd8 18. Ng5 Bxg5 19. hxg5 Qe7 20. Rad1 Qf8 21. Qh3 b4 22. cxb4 c4 23. Be2 Qxb4 24. Kf2 d4 25. Rh1 h5 26. Bxh5 gxh5 27. Qxh5 Qxb2+ 28. Ke1 Qb4+ 29. Kf1 Kf8 30. Qh8+ Ke7 31. Qf6+ Kd7 32. Qxf7+ Kc8 33. Rh7 Kb8 34. Rxd4 Rxd4 35. exd4 Ka7 36. Qxe6 Qb1+ 37. Kf2 Qxh7 38. Qxc4 Rc8 0-1

[Event "Brasschaat op 17th"]
[Site "Brasschaat"]
[Date "2017.08.22"]
[Round "4"]
[White "Van Hassel, CAM"]
[Black "Brokken, Dennis"]
[Result "0-1"]
[WhiteElo "2118"]
[BlackElo "2401"]
[PlyCount "62"]
[EventDate "2017.08.19"]
[EventType "swiss"]
[EventRounds "9"]
[EventCountry "BEL"]
[SourceTitle "CBM 180 Extra"]
[Source "ChessBase"]
[SourceDate "2017.10.06"]
[SourceVersion "1"]
[SourceVersionDate "2017.10.06"]
[SourceQuality "1"]

1. e4 c5 2. Nc3 Nc6 3. g3 g6 4. Bg2 Bg7 5. d3 e6 6. Be3 d6 7. Qd2 Nd4 8. Nd1 e5 9. c3 Nc6 10. f4 Nf6 11. Nf3 Ng4 12. Bg1 0-0 13. h3 Nf6 14. fxe5 Nh5 15. Bf2 Nxe5 16. Nxe5 Bxe5 17. g4 Nf4 18. Ne3 Bd7 19. 0-0-0 Qa5 20. Kb1 Nxg2 21. Nxg2 Be6 22. c4 Qxd2 23. Rxd2 f5 24. gxf5 gxf5 25. exf5 Bxf5 26. Kc2 Rae8 27. Be3 Bd7 28. Rg1 Kh8 29. h4 Bc6 30. Bg5 Rg8 31. Be3 Rg3 0-1

[Event "Brasschaat op 17th"]
[Site "Brasschaat"]
[Date "2017.08.21"]
[Round "3"]
[White "Brokken, Dennis"]
[Black "Eerens, Pim"]
[Result "1-0"]
[WhiteElo "2401"]
[BlackElo "2134"]
[PlyCount "24"]
[EventDate "2017.08.19"]
[EventType "swiss"]
[EventRounds "9"]
[EventCountry "BEL"]
[SourceTitle "CBM 180 Extra"]
[Source "ChessBase"]
[SourceDate "2017.10.06"]
[SourceVersion "1"]
[SourceVersionDate "2017.10.06"]
[SourceQuality "1"]

1. d4 d5 2. c4 dxc4 3. e4 e5 4. Nf3 Bb4+ 5. Nc3 exd4 6. Nxd4 Qe7 7. Bxc4 Nf6 8. 0-0 0-0 9. Qd3 Rd8 10. Rd1 Qe5 11. Bxf7+ Kxf7 12. Nf3 Ke8 1-0

[Event "Prague Summer op 4th"]
[Site "Prague"]
[Date "2017.08.07"]
[Round "5"]
[White "Brokken, Dennis"]
[Black "Neuman, Petr"]
[Result "1-0"]
[WhiteElo "2401"]
[BlackElo "2457"]
[PlyCount "55"]
[EventDate "2017.08.04"]
[EventType "swiss"]
[EventRounds "9"]
[EventCountry "CZE"]
[SourceTitle "CBM 179 Extra"]
[Source "ChessBase"]
[SourceDate "2017.08.23"]
[SourceVersion "1"]
[SourceVersionDate "2017.08.23"]
[SourceQuality "1"]

1. d4 c5 2. d5 e5 3. e4 d6 4. Nc3 a6 5. a4 Be7 6. Be2 Bg5 7. Bxg5 Qxg5 8. Nf3 Qe7 9. Nd2 Nd7 10. Nc4 Rb8 11. a5 Nh6 12. Qd2 0-0 13. 0-0 Rd8 14. Rab1 Nf8 15. b4 cxb4 16. Rxb4 f5 17. Rfb1 fxe4 18. Nxe4 Nf7 19. Ne3 Ra8 20. c4 Ng5 21. Ng3 Nf7 22. Nef5 Qc7 23. c5 dxc5 24. Rb6 c4 25. d6 Qc5 26. Ne4 c3 27. Qa2 Be6 28. Qa1 1-0

[Event "Prague Summer op 4th"]
[Site "Prague"]
[Date "2017.08.06"]
[Round "4"]
[White "Lin, Chen"]
[Black "Brokken, Dennis"]
[Result "1/2-1/2"]
[WhiteElo "2450"]
[BlackElo "2401"]
[PlyCount "38"]
[EventDate "2017.08.04"]
[EventType "swiss"]
[EventRounds "9"]
[EventCountry "CZE"]
[SourceTitle "CBM 179 Extra"]
[Source "ChessBase"]
[SourceDate "2017.08.23"]
[SourceVersion "1"]
[SourceVersionDate "2017.08.23"]
[SourceQuality "1"]

1. e4 c5 2. Nf3 d6 3. d4 cxd4 4. Nxd4 Nf6 5. Nc3 Nc6 6. Be2 e5 7. Nf3 h6 8. 0-0 Be6 9. Re1 Be7 10. Bf1 0-0 11. Nd5 Bg4 12. h3 Bh5 13. Nxf6+ Bxf6 14. c3 Rb8 15. a4 Qc7 16. Be2 Bg6 17. Bf1 Bh5 18. Be2 Bg6 19. Bf1 Bh5 1/2-1/2

[Event "Prague Summer op 4th"]
[Site "Prague"]
[Date "2017.08.04"]
[Round "1"]
[White "Brokken, Dennis"]
[Black "Jayaram, R."]
[Result "1-0"]
[WhiteElo "2401"]
[BlackElo "2021"]
[PlyCount "87"]
[EventDate "2017.08.04"]
[EventType "swiss"]
[EventRounds "9"]
[EventCountry "CZE"]
[SourceTitle "CBM 179 Extra"]
[Source "ChessBase"]
[SourceDate "2017.08.23"]
[SourceVersion "1"]
[SourceVersionDate "2017.08.23"]
[SourceQuality "1"]

1. d4 Nf6 2. c4 g6 3. Nc3 d5 4. cxd5 Nxd5 5. e4 Nxc3 6. bxc3 Bg7 7. Nf3 c5 8. Rb1 0-0 9. Be2 Qa5 10. Rb5 Qxc3+ 11. Bd2 Qa3 12. Ra5 Qb2 13. Rxc5 Qxa2 14. 0-0 Nc6 15. d5 Ne5 16. Nxe5 Bxe5 17. Rc2 Qa3 18. Be3 b6 19. Bc1 Qa1 20. Bc4 Bd7 21. Qd3 Qd4 22. Qf3 Bg7 23. Bb2 Qxb2 24. Rxb2 Bxb2 25. Ba6 Rab8 26. Qf4 e5 27. Qf6 b5 28. Qe7 Rfd8 29. h4 h5 30. Rb1 Bd4 31. Rb3 Be8 32. Bxb5 Bxb5 33. Rxb5 Rxb5 34. Qxd8+ Kg7 35. d6 Rb2 36. Qe7 Rxf2 37. Kh2 Kh7 38. d7 Bb6 39. d8Q Bxd8 40. Qxd8 Rf4 41. Qe7 Rxe4 42. Qxf7+ Kh6 43. Kh3 Rf4 44. Qg8 1-0

[Event "Prague op 16th"]
[Site "Prague"]
[Date "2017.01.20"]
[Round "9"]
[White "Brokken, Dennis"]
[Black "Frolov, Artur"]
[Result "1-0"]
[WhiteElo "2302"]
[BlackElo "2405"]
[PlyCount "72"]
[EventDate "2017.01.13"]
[EventType "swiss"]
[EventRounds "9"]
[EventCountry "CZE"]
[SourceTitle "CBM 176 Extra"]
[Source "ChessBase"]
[SourceDate "2017.03.02"]
[SourceVersion "1"]
[SourceVersionDate "2017.03.02"]
[SourceQuality "1"]

1. d4 Nf6 2. c4 g6 3. Nc3 Bg7 4. e4 d6 5. Be2 0-0 6. Be3 e5 7. d5 c5 8. g4 a6 9. g5 Ne8 10. a4 f5 11. gxf6 Nxf6 12. h4 Qe8 13. h5 gxh5 14. Bxh5 Nxh5 15. Rxh5 Nd7 16. Rg5 Kh8 17. Rg2 Nf6 18. Qd2 Qh5 19. f3 Qf7 20. 0-0-0 Nh5 21. Rh2 Bd7 22. Nh3 Bxh3 23. Rxh3 Nf4 24. Rh2 h6 25. Rdh1 Kh7 26. Rh4 b5 27. Qh2 Qf6 28. Bxf4 exf4 29. e5 Qxe5 30. Rxh6+ Kg8 31. Rg6 Kf7 32. Rhg1 Qe3+ 33. Kc2 Rg8 34. Qh5 Qf2+ 35. Kb1 Kf8 36. Qf5+ Ke7 1-0

[Event "Prague op 16th"]
[Site "Prague"]
[Date "2017.01.18"]
[Round "7"]
[White "Brokken, Dennis"]
[Black "Kantans, Toms"]
[Result "1/2-1/2"]
[WhiteElo "2302"]
[BlackElo "2456"]
[PlyCount "51"]
[EventDate "2017.01.13"]
[EventType "swiss"]
[EventRounds "9"]
[EventCountry "CZE"]
[SourceTitle "CBM 176 Extra"]
[Source "ChessBase"]
[SourceDate "2017.03.02"]
[SourceVersion "1"]
[SourceVersionDate "2017.03.02"]
[SourceQuality "1"]

1. d4 Nf6 2. c4 e6 3. Nc3 Bb4 4. f3 d5 5. a3 Bxc3+ 6. bxc3 0-0 7. cxd5 exd5 8. e3 c5 9. Bd3 Nc6 10. Ne2 Re8 11. 0-0 Na5 12. Rb1 Bd7 13. Ng3 h5 14. Qe1 cxd4 15. cxd4 Rc8 16. Bd2 b6 17. Bxa5 bxa5 18. Nf5 Qc7 19. Qh4 Qc3 20. Nxg7 Kxg7 21. Qg5+ Kf8 22. Qxf6 Qxd3 23. Qd6+ Re7 24. Qh6+ Kg8 25. Qg5+ Kf8 26. Qh6+ 1/2-1/2

[Event "Stare Mesto op"]
[Site "Stare Mesto"]
[Date "2016.08.12"]
[Round "9"]
[White "Cerveny, Martin"]
[Black "Brokken, Dennis"]
[Result "1-0"]
[WhiteElo "2380"]
[BlackElo "2281"]
[PlyCount "96"]
[EventDate "2016.08.05"]
[EventType "swiss"]
[EventRounds "10"]
[EventCountry "CZE"]
[SourceTitle "CBM 173 Extra"]
[Source "ChessBase"]
[SourceDate "2016.08.29"]
[SourceVersion "1"]
[SourceVersionDate "2016.08.29"]
[SourceQuality "1"]

1. d4 d5 2. c4 c6 3. e3 Nf6 4. Nf3 e6 5. Bd3 Nbd7 6. Nbd2 Bd6 7. e4 dxe4 8. Nxe4 Nxe4 9. Bxe4 h6 10. 0-0 Nf6 11. Bc2 0-0 12. a3 c5 13. dxc5 Bxc5 14. b4 Bd6 15. Bb2 Bc7 16. Qe2 Qe7 17. Rfe1 Rd8 18. Nd4 e5 19. Nb5 Bb8 20. c5 a6 21. Nc3 Bg4 22. f3 Bd7 23. Rad1 Bc6 24. Rxd8+ Qxd8 25. Ne4 Nxe4 26. Bxe4 Bc7 27. Bxc6 bxc6 28. Bxe5 Bxe5 29. Qxe5 a5 30. h3 axb4 31. axb4 Qd2 32. Re4 Ra2 33. Rg4 Qf2+ 34. Kh2 g6 35. Qg3 Qe3 36. Re4 Qc3 37. Re8+ Kg7 38. Qd6 Qb2 39. Qg3 Qd4 40. Re4 Qd2 41. f4 Rb2 42. f5 Rxb4 43. f6+ Kg8 44. Re8+ Kh7 45. Rf8 Qd5 46. Qd6 g5 47. Rd8 Rc4 48. Qe7 Rb4 1-0

[Event "Stare Mesto op"]
[Site "Stare Mesto"]
[Date "2016.08.09"]
[Round "6"]
[White "Zavadil, Michal"]
[Black "Brokken, Dennis"]
[Result "1/2-1/2"]
[WhiteElo "1963"]
[BlackElo "2281"]
[PlyCount "68"]
[EventDate "2016.08.05"]
[EventType "swiss"]
[EventRounds "10"]
[EventCountry "CZE"]
[SourceTitle "CBM 173 Extra"]
[Source "ChessBase"]
[SourceDate "2016.08.29"]
[SourceVersion "1"]
[SourceVersionDate "2016.08.29"]
[SourceQuality "1"]

1. d4 d5 2. c4 c6 3. cxd5 cxd5 4. Nc3 Nf6 5. f3 Nc6 6. e4 e6 7. e5 Nd7 8. f4 f5 9. Nf3 Be7 10. Bd3 0-0 11. 0-0 a6 12. a3 b5 13. Kh1 Nb6 14. Rg1 Kh8 15. Ne2 Bd7 16. g4 g6 17. b3 Rc8 18. Ra2 Rg8 19. gxf5 gxf5 20. Ng3 Be8 21. Rag2 Bg6 22. Bb1 Qf8 23. b4 a5 24. bxa5 Nc4 25. Ng5 Nd8 26. Nh5 Nxa3 27. Bxa3 Bxa3 28. Nf6 Rg7 29. Ngxh7 Qf7 30. Ng5 Qc7 31. Ne8 Bxe8 32. Qf3 Qc3 33. Bd3 Rcc7 34. Qh3+ Kg8 1/2-1/2

[Event "Stare Mesto op"]
[Site "Stare Mesto"]
[Date "2016.08.07"]
[Round "4"]
[White "Cip, Dalibor"]
[Black "Brokken, Dennis"]
[Result "0-1"]
[WhiteElo "2118"]
[BlackElo "2281"]
[PlyCount "78"]
[EventDate "2016.08.05"]
[EventType "swiss"]
[EventRounds "10"]
[EventCountry "CZE"]
[SourceTitle "CBM 173 Extra"]
[Source "ChessBase"]
[SourceDate "2016.08.29"]
[SourceVersion "1"]
[SourceVersionDate "2016.08.29"]
[SourceQuality "1"]

1. c4 c6 2. d4 d5 3. cxd5 cxd5 4. Bf4 Nc6 5. e3 Nf6 6. Nc3 a6 7. Bd3 Bg4 8. Nge2 e6 9. Rc1 Be7 10. Qb3 Na5 11. Qa4+ Kf8 12. Bg3 b5 13. Qc2 Rc8 14. a3 Bh5 15. Nf4 Bg6 16. 0-0 Bxd3 17. Qxd3 g5 18. Nfe2 Nc4 19. Rc2 h5 20. f3 h4 21. Bf2 h3 22. g4 Kg7 23. Ng3 Qg8 24. Qe2 Qh7 25. Rfc1 Rhd8 26. e4 dxe4 27. Ncxe4 Nd5 28. Nh5+ Kg8 29. b3 Ncb6 30. Bg3 Rxc2 31. Rxc2 Nd7 32. Bc7 Ra8 33. b4 Qh8 34. Nf2 Rc8 35. Be5 Rxc2 36. Qxc2 Nxe5 37. Qc8+ Bf8 38. dxe5 Qxe5 39. Nxh3 Qe1+ 0-1

[Event "Marianske Lazne op"]
[Site "Marianske Lazne"]
[Date "2011.01.16"]
[Round "2"]
[White "Poznanska, Katarzyna"]
[Black "Brokken, Dennis"]
[Result "1-0"]
[WhiteElo "2065"]
[BlackElo "2304"]
[PlyCount "111"]
[EventDate "2011.01.15"]
[EventType "swiss"]
[EventRounds "9"]
[EventCountry "CZE"]
[SourceTitle "CBM 140 Extra"]
[Source "ChessBase"]
[SourceDate "2011.03.01"]
[SourceVersion "1"]
[SourceVersionDate "2011.03.01"]
[SourceQuality "1"]

1. e4 e5 2. Nf3 Nc6 3. Bb5 f5 4. d3 fxe4 5. dxe4 Nf6 6. 0-0 d6 7. Qd3 a6 8. Bxc6+ bxc6 9. Qc4 Qd7 10. Nc3 d5 11. Qa4 Bd6 12. exd5 cxd5 13. Qxd7+ Kxd7 14. Bg5 c6 15. Na4 Rb8 16. c4 h6 17. Bh4 Rb4 18. b3 dxc4 19. Rfd1 Ke7 20. Bg3 Bg4 21. Rxd6 Kxd6 22. Nxe5 Ke6 23. Re1 Kf5 24. Nxc6 Rb7 25. Nc5 Rf7 26. f3 Bh5 27. Ne7+ Rxe7 28. Rxe7 Rc8 29. Nb7 Ne8 30. Re5+ Kg6 31. bxc4 Nf6 32. c5 Kh7 33. Re7 Ng8 34. Rc7 Rxc7 35. Bxc7 Ne7 36. Kf2 Bf7 37. a3 Kg6 38. Be5 Bd5 39. Nd6 Nc6 40. f4 Na5 41. Bd4 Nb3 42. Be3 Kf6 43. Ne8+ Kf7 44. Nc7 Bb7 45. f5 h5 46. Ne6 Kf6 47. Kg3 Be4 48. Kf4 Bxg2 49. Bf2 Na5 50. Bd4+ Kf7 51. Nxg7 h4 52. Ne6 Nc4 53. Ng5+ Kf8 54. f6 Bc6 55. Kf5 Ne3+ 56. Ke6 1-0

[Event "Stare Mesto op"]
[Site "Stare Mesto"]
[Date "2010.08.21"]
[Round "10"]
[White "Brokken, Dennis"]
[Black "Jurcik, Marian"]
[Result "1/2-1/2"]
[WhiteElo "2290"]
[BlackElo "2484"]
[PlyCount "52"]
[EventDate "2010.08.13"]
[EventType "swiss"]
[EventRounds "10"]
[EventCountry "CZE"]
[SourceTitle "CBM 138 Extra"]
[Source "ChessBase"]
[SourceDate "2010.10.29"]
[SourceVersion "1"]
[SourceVersionDate "2010.10.29"]
[SourceQuality "1"]

1. d4 d5 2. c4 dxc4 3. e4 Nc6 4. Be3 Nf6 5. f3 e5 6. d5 Nb4 7. Bxc4 c6 8. dxc6 Qxd1+ 9. Kxd1 Nxc6 10. Nc3 Be6 11. Bxe6 fxe6 12. Rc1 Kf7 13. Kc2 Bb4 14. Nh3 h6 15. Rhd1 Rac8 16. Kb1 Rhd8 17. Nf2 Rxd1 18. Ncxd1 Rd8 19. Nc3 Nh5 20. Rd1 Bxc3 21. Rxd8 Nxd8 22. bxc3 Nc6 23. Nd3 Nf6 24. Bc5 Nd7 25. Bd6 Kf6 26. Kc2 Na5 1/2-1/2

[Event "Stare Mesto op"]
[Site "Stare Mesto"]
[Date "2010.08.17"]
[Round "6"]
[White "Brokken, Dennis"]
[Black "Vyparina, Matej"]
[Result "1-0"]
[WhiteElo "2290"]
[BlackElo "2192"]
[PlyCount "155"]
[EventDate "2010.08.13"]
[EventType "swiss"]
[EventRounds "10"]
[EventCountry "CZE"]
[SourceTitle "CBM 138 Extra"]
[Source "ChessBase"]
[SourceDate "2010.10.29"]
[SourceVersion "1"]
[SourceVersionDate "2010.10.29"]
[SourceQuality "1"]

1. d4 Nf6 2. c4 g6 3. Nc3 d5 4. Bg5 Ne4 5. Bh4 Nxc3 6. bxc3 Bg7 7. e3 c5 8. cxd5 cxd4 9. cxd4 Qxd5 10. Nf3 Nc6 11. Be2 0-0 12. 0-0 Bf5 13. Nd2 Rac8 14. Bf3 Qd7 15. Nb3 h6 16. g4 g5 17. Nc5 Qe8 18. Bxg5 b6 19. gxf5 bxc5 20. Bf4 cxd4 21. Rb1 e5 22. fxe6 Qxe6 23. Bg4 f5 24. Bh5 Rfd8 25. Qb3 Qxb3 26. Rxb3 d3 27. Rd1 d2 28. Rb7 Na5 29. Rxa7 Nc4 30. Bf7+ Kh8 31. Bxc4 Rxc4 32. Kf1 Bc3 33. Ke2 Rc6 34. Bc7 Rd5 35. a4 Rdc5 36. Bf4 Rd5 37. Rc7 Rdc5 38. Rxc6 Rxc6 39. e4 Ra6 40. Kd3 Bg7 41. exf5 Rxa4 42. Bxd2 Rd4+ 43. Ke2 Re4+ 44. Kf3 Rd4 45. Ke2 Re4+ 46. Be3 Re5 47. Rd6 Rxf5 48. Bxh6 Bxh6 49. Rxh6+ Kg7 50. Rh4 Ra5 51. Kf3 Kg6 52. Kg3 Ra3+ 53. f3 Kg5 54. Rg4+ Kf5 55. Rf4+ Kg5 56. h4+ Kg6 57. Rb4 Ra1 58. Rb6+ Kf5 59. Rb5+ Kf6 60. Kg4 Rg1+ 61. Kf4 Rh1 62. Rb6+ Kg7 63. Kg5 Rg1+ 64. Kf5 Rh1 65. Rg6+ Kh7 66. Rg4 Rh3 67. f4 Kh6 68. Rg6+ Kh7 69. Rg4 Kh6 70. Ke5 Kh5 71. Rg8 Re3+ 72. Kf6 Kxh4 73. f5 Ra3 74. Rh8+ Kg4 75. Kg6 Kf4 76. f6 Ke5 77. Re8+ Kd6 78. f7 1-0

[Event "Pardubice Czech op-B 21st"]
[Site "Pardubice"]
[Date "2010.07.30"]
[Round "8"]
[White "Polschikov, Alexey"]
[Black "Brokken, Dennis"]
[Result "1/2-1/2"]
[WhiteElo "2362"]
[BlackElo "2290"]
[PlyCount "134"]
[EventDate "2010.07.23"]
[EventType "swiss"]
[EventRounds "9"]
[EventCountry "CZE"]
[SourceTitle "CBM 137 Extra"]
[Source "ChessBase"]
[SourceDate "2010.09.01"]
[SourceVersion "1"]
[SourceVersionDate "2010.09.01"]
[SourceQuality "1"]

1. Nf3 d5 2. d4 c6 3. c4 Nf6 4. Nc3 a6 5. cxd5 cxd5 6. Bg5 Ne4 7. Bh4 Nc6 8. e3 Qa5 9. Qb3 Qb4 10. Nd2 Nxd2 11. Qxb4 Nxb4 12. Kxd2 e6 13. Be2 Bd7 14. Rhc1 Bd6 15. Bg3 Bxg3 16. hxg3 Ke7 17. g4 Rac8 18. f4 h6 19. Bf3 Nc6 20. b3 b5 21. Nd1 Nb4 22. a3 Nc6 23. Nb2 Na5 24. Rxc8 Rxc8 25. Bd1 Nb7 26. a4 bxa4 27. Nxa4 Bb5 28. Nc3 Kd7 29. Bc2 Kc7 30. Rh1 f6 31. f5 Bd7 32. Bd3 Nd6 33. Bxa6 Rb8 34. Kc2 Kc6 35. fxe6 Bxe6 36. Be2 f5 37. gxf5 Bxf5+ 38. Kb2 Nc4+ 39. Bxc4 dxc4 40. e4 Rxb3+ 41. Kc2 Bg6 42. Ra1 Rb6 43. Ra5 Kb7 44. Re5 Rf6 45. Nd5 Rf2+ 46. Kc3 Rxg2 47. Kxc4 Rg4 48. Re7+ Kb8 49. Rxg7 h5 50. Nf6 Rg2 51. Rxg6 Rxg6 52. Nxh5 Kc7 53. e5 Kd7 54. Kd5 Rg1 55. Nf6+ Ke7 56. Ne4 Re1 57. Nd6 Rf1 58. Nc4 Re1 59. Na5 Ra1 60. Nc6+ Kd7 61. e6+ Kc7 62. Ne5 Ra5+ 63. Ke4 Ra6 64. Kf5 Kd6 65. Nc4+ Kd5 66. e7 Re6 67. Nb6+ Kd6 1/2-1/2

[Event "Pardubice Czech op-B 21st"]
[Site "Pardubice"]
[Date "2010.07.28"]
[Round "6"]
[White "Brokken, Dennis"]
[Black "Kirsanova, Ekaterina"]
[Result "1-0"]
[WhiteElo "2290"]
[BlackElo "2136"]
[PlyCount "63"]
[EventDate "2010.07.23"]
[EventType "swiss"]
[EventRounds "9"]
[EventCountry "CZE"]
[SourceTitle "CBM 137 Extra"]
[Source "ChessBase"]
[SourceDate "2010.09.01"]
[SourceVersion "1"]
[SourceVersionDate "2010.09.01"]
[SourceQuality "1"]

1. d4 Nf6 2. c4 e6 3. Nc3 Bb4 4. f3 d5 5. a3 Bxc3+ 6. bxc3 c5 7. cxd5 exd5 8. Bg5 Qa5 9. Qd2 cxd4 10. cxd4 Qxd2+ 11. Kxd2 Nc6 12. e3 Bf5 13. Bd3 Bxd3 14. Kxd3 Nd7 15. Ne2 0-0 16. Rhc1 h6 17. Bh4 Nb6 18. Be1 Rfe8 19. Rab1 Re7 20. Nf4 Rae8 21. Bf2 g5 22. Nh5 Rc8 23. g4 Kh7 24. Bg3 Kg6 25. e4 f6 26. Re1 Kf7 27. e5 fxe5 28. dxe5 Na4 29. e6+ Kg6 30. Bd6 Ree8 31. Rxb7 Rg8 32. e7 1-0

[Event "Pardubice Czech op-B 21st"]
[Site "Pardubice"]
[Date "2010.07.25"]
[Round "3"]
[White "Majer, Jiri Sr"]
[Black "Brokken, Dennis"]
[Result "0-1"]
[WhiteElo "2101"]
[BlackElo "2290"]
[PlyCount "96"]
[EventDate "2010.07.23"]
[EventType "swiss"]
[EventRounds "9"]
[EventCountry "CZE"]
[SourceTitle "CBM 137 Extra"]
[Source "ChessBase"]
[SourceDate "2010.09.01"]
[SourceVersion "1"]
[SourceVersionDate "2010.09.01"]
[SourceQuality "1"]

1. d4 d5 2. Nf3 Nf6 3. Bf4 c5 4. c3 cxd4 5. cxd4 Nc6 6. Nc3 a6 7. a3 Bg4 8. e3 e6 9. h3 Bxf3 10. gxf3 Bd6 11. Bxd6 Qxd6 12. f4 b5 13. Bd3 Rc8 14. Qf3 g6 15. 0-0 0-0 16. a4 b4 17. Nb1 Na5 18. Nd2 Nc4 19. Qe2 Nxd2 20. Qxd2 a5 21. Rfc1 Rc6 22. Rxc6 Qxc6 23. Bb5 Qd6 24. Rc1 Ne4 25. Qc2 Qe7 26. Bd3 Nd6 27. Qc7 Qxc7 28. Rxc7 Rc8 29. Rc5 Rxc5 30. dxc5 Ne8 31. f3 Kf8 32. Kf2 Ke7 33. e4 d4 34. Kg3 Nf6 35. Bb5 Kd8 36. h4 h6 37. b3 Nh5+ 38. Kg4 f5+ 39. exf5 exf5+ 40. Kh3 d3 41. Kg2 d2 42. Be2 Nxf4+ 43. Kf2 Nxe2 44. Kxe2 g5 45. hxg5 hxg5 46. Kxd2 Kd7 47. Ke3 Kc6 48. Kd4 g4 0-1

[Event "Stare Mesto op"]
[Site "Stare Mesto"]
[Date "2009.08.15"]
[Round "2"]
[White "Mouryc, Tomas"]
[Black "Brokken, Dennis"]
[Result "1/2-1/2"]
[WhiteElo "1999"]
[BlackElo "2286"]
[PlyCount "120"]
[EventDate "2009.08.14"]
[EventType "swiss"]
[EventRounds "10"]
[EventCountry "CZE"]
[SourceTitle "CBM 131 Extra"]
[Source "ChessBase"]
[SourceDate "2009.09.03"]
[SourceVersion "2"]
[SourceVersionDate "2009.09.16"]
[SourceQuality "1"]

1. Nf3 d5 2. c4 c6 3. e3 Nf6 4. b3 Bg4 5. Bb2 Nbd7 6. Be2 Bxf3 7. Bxf3 e5 8. d3 Bb4+ 9. Bc3 Bxc3+ 10. Nxc3 Qa5 11. Qd2 d4 12. exd4 exd4 13. Ne4 Qxd2+ 14. Kxd2 Nxe4+ 15. Bxe4 a5 16. Bf5 Nf6 17. Rhe1+ Kd8 18. Re5 Re8 19. Rae1 Rxe5 20. Rxe5 g6 21. Bh3 b6 22. g3 Ra7 23. Bg2 Rc7 24. h3 h5 25. Bf3 c5 26. a4 Kd7 27. Bg2 Kd6 28. f4 Re7 29. Rxe7 Kxe7 30. Bf3 Ke6 31. Bb7 Ne8 32. Ke2 Nd6 33. Bd5+ Kf6 34. g4 hxg4 35. hxg4 g5 36. f5 Ke5 37. Kf3 Kf6 38. Bc6 Ke7 39. Bd5 Ne8 40. Kg3 Nf6 41. Bb7 Nd7 42. Bc6 Ne5 43. Be4 Kd6 44. Kh3 Nd7 45. Kg3 Nb8 46. Bb7 Kc7 47. Bf3 f6 48. Bd5 Na6 49. Bf3 Kd6 50. Bd1 Nb4 51. Be2 Na2 52. Bd1 Nb4 53. Be2 Ke5 54. Kf3 Nc2 55. Kg3 Ne1 56. Kf2 Nc2 57. Kf3 Ne3 58. Kg3 Nc2 59. Kf3 Ne1+ 60. Kf2 Nc2 1/2-1/2

[Event "Krakow op-A 19th"]
[Site "Krakow"]
[Date "2009.01.03"]
[Round "8"]
[White "Brokken, Dennis"]
[Black "Pazderski, Ziemowit"]
[Result "1-0"]
[WhiteElo "2306"]
[BlackElo "2209"]
[PlyCount "101"]
[EventDate "2008.12.26"]
[EventType "swiss"]
[EventRounds "9"]
[EventCountry "POL"]
[SourceTitle "CBM 128 Extra"]
[Source "ChessBase"]
[SourceDate "2009.03.05"]
[SourceVersion "2"]
[SourceVersionDate "2009.03.25"]
[SourceQuality "1"]

1. d4 d5 2. c4 e6 3. cxd5 exd5 4. Nc3 c5 5. Nf3 Nc6 6. g3 Nf6 7. Bg2 Be7 8. 0-0 0-0 9. Bg5 Be6 10. dxc5 Bxc5 11. Rc1 Be7 12. Nd4 Nxd4 13. Qxd4 Qa5 14. b4 Qb6 15. Qxb6 axb6 16. Bxf6 gxf6 17. Nxd5 Bxd5 18. Bxd5 Bxb4 19. Rc7 Rae8 20. e3 Re7 21. Rxe7 Bxe7 22. Bxb7 Rd8 23. Rb1 Bc5 24. Rb2 Rd6 25. Kg2 Ba3 26. Rc2 Bb4 27. Rc4 Ba5 28. e4 Rd7 29. Bd5 Kg7 30. g4 Ra7 31. Rc6 h6 32. Kf3 Re7 33. Ke2 Kg6 34. f4 Kg7 35. Kd3 Ra7 36. h3 Re7 37. Kc4 Rd7 38. Kb5 Ra7 39. f5 Be1 40. Rxb6 Ra5+ 41. Kc6 Ra3 42. Bb3 Bc3 43. Rb7 h5 44. gxh5 Ba1 45. h4 Ra8 46. Bxf7 Kh6 47. Bg6 Rh8 48. a4 Bc3 49. Re7 Rc8+ 50. Kb7 Rh8 51. Re8 1-0